Statistiken für Torschützenliste der Fußball-Bundesliga

Klicken Sie hier um das Quiz zu spielen!

Allgemein

  • Dieses Quiz wurde 148 mal gespielt
  • Das Durchschnittsergebnis liegt bei 8 aus 15

Antwortstatistiken

ToreNationalitätTore für Verein(e)Spieler% Korrekt
312PolenFC Bayern München (238), Borussia Dortmund (74) Robert Lewandowski
100%
365DeutschlandFC Bayern München (365 ) Gerd Müller
98%
177Deutschland1. FC Köln (159), VfB Stuttgart (14), 1. FC Saarbrücken (4) Dieter Müller
93%
197PeruWerder Bremen (109), FC Bayern München (87), 1. FC Köln (1)Cluadio Pizarro
84%
170DeutschlandVfB Stuttgart (78), FC Bayern München (75), VfL Wolfsburg (17)Mario Gómez
64%
268DeutschlandFC Schalke 04 (182), 1. FC Köln (31), TSV 1860 München (28), VfL Bochum (27)Klaus Fischer
50%
220DeutschlandBorussia Mönchengladbach (195), Hannover 96 (25) Jupp Heynckes
46%
162Deutschland FC Bayern München (162) Karl-Heinz Rummenigge
44%
181DeutschlandBayer 04 Leverkusen (181)Ulf Kirsten
41%
177Deutschland1. FC Köln (88), Fortuna Düsseldorf (71), Werder Bremen (18)Klaus Allofs
32%
157DeutschlandVfB Stuttgart (102), SV Waldhof Mannheim (55) Fritz Walter
30%
213DeutschlandBorussia Dortmund (135), Werder Bremen (34), Rot-Weiss Essen (32), 1. FC Nürnberg (12)Manfred Burgsmüller
29%
179Deutschland1. FC Kaiserslautern (75), VfL Bochum (47), Bayer 05 Uerdingen (32), Arminia Bielefeld (25) Stefan Kuntz
25%
160Deutschland Eintracht Frankfurt (160) Bernd Hölzenbein
14%
166Deutschland1. FC Köln (166) Hannes Löhr
11%

Verteilung der Resultate

Perzentil nach korrekt beantworteten Fragen

Anzahl Personen mit jedem Resultat

Ihre Resultats-Entwicklung

Sie haben dieses Quiz noch nicht gespielt